Vnútropodniková komunikácia v dcérskych spoločnostiach situovaných v SR z odvetvia informačných technológií dizertačná práca

Enregistré dans:
Détails bibliographiques
Auteur principal: Vérffy, Michal
Collectivité auteur: Fakulta podnikového manažmentu EU. Katedra manažmentu
Autres auteurs: Füzyová, Ľubica
Format: Livre
Langue:slovaque
Publié: Bratislava 2009
Sujets:
Tags: Ajouter un tag
Pas de tags, Soyez le premier à ajouter un tag!

MARC

LEADER 00000nam$a2200000$$$4500
001 0098310
005 20240502072103.3
041 0 |a slo 
044 |a SK 
245 1 0 |a Vnútropodniková komunikácia v dcérskych spoločnostiach situovaných v SR z odvetvia informačných technológií  |b dizertačná práca  |c Michal Vérffy ; škol. Ľubica Füzyová 
264 1 |a Bratislava  |c 2009 
300 |a 151 s. 
610 2 0 |a komunikácia firemná 
610 2 0 |a spoločnosti nadnárodné 
610 2 0 |a prostredie podnikové 
100 1 |a Vérffy, Michal 
700 1 |a Füzyová, Ľubica 
710 2 |a Fakulta podnikového manažmentu EU. Katedra manažmentu